LEADER 00906nas a22003015a 4500
001 DER.der012347
008 180615s2012####ag#||#|||||||||###||spa||
005 20241104101734.0
245 1 0 |a Regulación del mercado de capitales. 
260 |a Buenos Aires :  |b La Ley,  |c 2012 
300 |a 123 p. 
700 1 |a Barreira Delfino, Eduardo. 
700 1 |a Bulit Goñi, Roberto. 
700 1 |a Salinas, José María. 
700 1 |a Vergara, Gonzalo. 
700 1 |a Camerini, Marcelo A. 
700 1 |a Campi, Germán. 
700 1 |a Carlino, Bernardo. 
700 1 |a del Rosario, Cristian O. 
700 1 |a Elespe, Douglas. 
700 1 |a Luciani, Fernando. 
700 1 |a Magnasco, Javier Luis. 
700 1 |a Martínez de Hoz, Alejandro. 
700 1 |a Videla, Felipe. 
700 1 |a Paolantonio, Martín E. 
700 1 |a Pignanelli, Aldo. 
650 7 |a DERECHO BANCARIO 
859 |a DERECHO  |b BIB. DERECHO  |h 346.02  |i REG  |p 007141